| 000 | 01499cab a22002055a 4500 | ||
|---|---|---|---|
| 001 | L145300 | ||
| 008 | 080924e20071026xxk f v 000 0 eng d | ||
| 035 | _a(Sirsi) u145300 | ||
| 041 | 0 | _aeng | |
| 245 | 0 | 0 |
_aLathar v Sandwell Metropolitan District Council _h[electronic resource] |
| 260 | _c2008 | ||
| 520 | _a[2007] EWLands ACQ_145_2006, 26 October 2007. The court had to decide the amount of compensation due to a claimant (L) for land taken under a compulsory purchase order by the acquiring local authority (S). The property was a retail outlet from which L had ceased trading, except for 16 days before the date of possession. L claimed for the loss of goodwill and other disturbance items. At issue was the compensation payable, and whether disturbance compensation was payable, and if so, the amount. Held: L's claim had been substantially overstated. Compensation was thus ordered at the level assessed by the local authority. The claim for goodwill failed because trading had ceased long before the valuation date and re-commencing trading would not create goodwill. | ||
| 590 | _aKA | ||
| 650 | 2 | 4 | _aLATHAR V SANDWELL METROPOLITAN DISTRICT COUNCIL |
| 650 | 2 | 4 | _aLAND COMPENSATION ACT 1961 |
| 651 | 4 |
_aEngland and Wales _y1543- |
|
| 690 | _aENVIRONMENTAL AND LAND CONSULTANCY-PLANNING AND DEVELOPMENT-COMPULSORY PURCHASE AND COMPENSATION | ||
| 856 | 4 | 0 |
_uhttps://www.bailii.org/ew/cases/EWLands/2007/ACQ_145_2006.html _zView the case free of charge at www.bailii.org... |
| 942 | _n0 | ||
| 999 |
_c80768 _d80768 |
||